Haute-Vienne - mort subite - Statistiques

Statistiques générales
  • Ce quiz a été pris 26 fois
  • Le résultat moyen est 8 sur 18
Answers on the Grid
Answers color-coded by a green-red scale on the quiz's grid according to % correct below.
Poitiers
Panazol
Vitrolles
Le lieu de naissance de Descartes
Astroblème de Rochechouart-Chassenon
L'Age Quatre Maux
Mejicanos
Limoux
Gare Matabiau
Bahri
Prato
Domaine des Gabies
Chapel-en-le-Frith
De l'ancien territoire anglais
Libourne
Shubra El-Kheima
Berbérati
Murcie
Couzeix
Nicey-sur-Aire
Bellac
Dioné
La ville romaine d'Augustoritum
Bourg-la-Reine
Isle
Saint-Junien
Vicq-sur-Breuilh
Limoges
Sagaing
Une cathédrale
Le lieu de naissance de Renoir
Nexon
Château de Montbrun
Brossard
Corrientes
Le lieu de mort de Richard Cœur de Lion
 
Statistiques - réponses
Réponse % Correct
Panazol
83%
Limoges
78%
Saint-Junien
70%
Bellac
61%
Le 38e plus grand cratère d'impact terrestre Astroblème de Rochechouart-Chassenon
52%
Couzeix
52%
Isle
52%
Nexon
52%
Limoges Une cathédrale
52%
Le château de Châlus-Chabrol Le lieu de mort de Richard Cœur de Lion
48%
Vicq-sur-Breuilh
48%
La ville romaine d'Augustoritum
35%
Limoges Le lieu de naissance de Renoir
30%
De l'ancien territoire anglais
26%
Château de Montbrun
22%
Domaine des Gabies
17%
Hameau L'Age Quatre Maux
13%
Gironde Libourne
0%
Aucun quiz correspondant
Distribution des résultats
% des personnes avec chaque résultat
Percentile par nombre de réponses
Votre historique - résultats
Vous n’avez pas pris ce quiz